[Event "Western Idaho Open"]
[Site "Boise, ID"]
[Date "2014.12.13"]
[Round "3.105"]
[White "Longhurst, Corey Kenneth"]
[Black "Amen, Chris"]
[Result "1/2-1/2"]
[WhiteElo "1410"]
[BlackElo "1594"]
[EventRounds "5"]
[EventCountry "USA"]

1. e4 c5 2. Nf3 d6 3. d4 cxd4 4. Nxd4 Nf6 5. Nc3 a6 6. Bg5 e6 7. f4 Be7 8. Bd3
O-O 9. Qd2 Nbd7 10. Nb3 b5 11. a3 Bb7 12. O-O-O Qc7 13. Rhe1 Rac8 14. Kb1 Nb6
15. Na5 Nc4 16. Nxc4 bxc4 17. Bf1 d5 18. exd5 Nxd5 19. g3 Bxg5 20. fxg5 Rfd8
21. Nxd5 exd5 22. Bh3 Rb8 23. Qd4 Ba8 24. Ka1 Qa5 25. Re5 Rb4 26. Rde1 Bc6 27.
Qc3 Ra4 28. Qxa5 Rxa5 29. Bg2 Kf8 30. Ka2 Rc5 31. Rf1 Ba4 32. c3 Bc6 33. Bh3
Rd6 34. Rd1 h6 35. Bg2 hxg5 36. Rxg5 a5 37. Rd4 a4 38. h4 f6 39. Rh5 Kg8 40.
Rf5 g6 41. Rf2 Re6 42. Rd1 Kf7 43. g4 Re5 44. Rdf1 Re6 45. h5 Kg7 46. Bh3 Rd6
47. Rf4 Bd7 48. Rd1 gxh5 49. Rdd4 hxg4 50. Bxg4 Bxg4 51. Rxg4+ Kf7 52. Rh4 f5
53. Rh7+ Ke6 54. Ra7 Rcc6 55. Rxa4 Ke5 56. Ra8 f4 57. Rh8 Rf6 58. Rh1 f3 59.
Re1+ Kd6 60. Rd2 Kc5 61. Kb1 Rf4 62. Kc2 f2 63. Rf1 Rcf6 64. Re2 d4 65. cxd4+
Kxd4 66. b3 Rf3 67. Rd2+ Ke4 68. bxc4 Rxa3 69. Kb2 Ke3 70. Rdd1 Rd3 71. Ra1
Rb6+ 72. Kc2 Rd2+ 73. Kc3 Rbb2 74. Rac1 Ke2 75. c5 Rbc2+ 76. Rxc2 Rxc2+ 77.
Kxc2 Kxf1 78. c6 Kg2 79. c7 f1=Q 80. c8=Q Qf2+ 81. Kb3 {#d} 1/2-1/2

[Event "Western Idaho Open"]
[Site "Boise, ID"]
[Date "2014.12.14"]
[Round "4.105"]
[White "Buus, Jarod N"]
[Black "Longhurst, Corey Kenneth"]
[Result "1-0"]
[WhiteElo "1671"]
[BlackElo "1410"]
[EventRounds "5"]
[EventCountry "USA"]

1. e4 e5 2. f4 d5 3. exd5 exf4 4. Nf3 Nf6 5. Nc3 c6 6. dxc6 bxc6 7. d4 Bb4 8.
Bc4 Bg4 9. O-O O-O 10. Bxf4 Qa5 11. Qd3 Rd8 12. Ne5 Bh5 13. Bg5 Be7 14. Ne4
Nd5 15. Bxe7 Nxe7 16. Nxf7 Bxf7 17. Rxf7 Nd5 18. Raf1 Nd7 19. Qg3 g6 20. Rxd7
Rxd7 21. Nf6+ Kg7 22. Nxd7 Re8 23. Ne5 Qb6 24. Rf7+ Kg8 25. Qh4 h5 26. Qf2
Qxb2 27. Bxd5 Qa1+ 28. Qf1 Qxd4+ 29. Rf2+ Qxd5 30. Nxg6 Kg7 31. Nf4 Qc5 32.
Kh1 Qa5 33. Re2 Rb8 34. Re7+ Kg8 35. Qc4+ {#r} 1-0

[Event "Western Idaho Open"]
[Site "Boise, ID"]
[Date "2014.12.14"]
[Round "5.108"]
[White "Longhurst, Corey Kenneth"]
[Black "Siek, Justin"]
[Result "1-0"]
[WhiteElo "1410"]
[BlackElo "925"]
[EventRounds "5"]
[EventCountry "USA"]

1. d4 d5 2. c4 c6 3. Nc3 Nf6 4. Bg5 e6 5. Nf3 Bb4 6. Qc2 Nbd7 7. Ne5 O-O 8. e3
Bxc3+ 9. bxc3 h6 10. Bh4 Re8 11. f3 Nb6 12. e4 dxc4 13. f4 Qc7 14. Qf2 Nfd7
15. Nxc4 Nxc4 16. Bxc4 Nb6 17. Bb3 Bd7 18. O-O Rac8 19. g4 c5 20. g5 h5 21. a3
g6 22. Bg3 c4 23. f5 Qd8 24. fxg6 fxg6 25. Qf7+ Kh8 26. Be5+ Qf6 27. Bxf6# 1-0

[Event "Idaho Closed"]
[Site "Twin Falls, ID"]
[Date "2015.02.14"]
[Round "1.3"]
[White "Landon, Lloyd"]
[Black "Longhurst, Corey Kenneth"]
[Result "0-1"]
[WhiteElo "1923"]
[BlackElo "1505"]
[EventRounds "6"]
[EventCountry "USA"]

1. c4 e5 2. g3 Nf6 3. Nc3 c6 4. Nf3 Bd6 5. Bg2 O-O 6. O-O Bc7 7. d4 exd4 8.
Nxd4 d6 9. Qd3 Qd7 10. e4 Qg4 11. Re1 Qg6 12. Bf4 Ng4 13. Nf3 Nd7 14. Nh4 Qf6
15. Qd2 h6 16. Nf5 Nde5 17. h3 Bxf5 18. exf5 Nxc4 19. Qc2 Nge5 20. Rad1 Rad8
21. Bc1 Rfe8 22. Ne4 Qxf5 23. f4 d5 24. fxe5 Nxe5 25. Rf1 Qg6 26. Qb3 dxe4 27.
Rxd8 Rxd8 28. Bf4 b5 29. Qe3 Bb6 {#R} 0-1

[Event "Idaho Closed"]
[Site "Twin Falls, ID"]
[Date "2015.02.14"]
[Round "2.6"]
[White "Longhurst, Corey Kenneth"]
[Black "Pemsler, Carmen"]
[Result "0-1"]
[WhiteElo "1505"]
[BlackElo "1664"]
[EventRounds "6"]
[EventCountry "USA"]

1. e4 c6 2. d4 d5 3. Nf3 Bg4 4. e5 e6 5. Be2 c5 6. c3 Nc6 7. Be3 cxd4 8. cxd4
Bb4+ 9. Nc3 Nge7 10. O-O a6 11. Rc1 Nf5 12. h3 Nxe3 13. fxe3 Bf5 14. Qe1 O-O
15. Nd2 Qg5 16. Rf3 Qh6 17. Qf2 Nxd4 18. Rf4 Nxe2+ 19. Qxe2 Bc5 20. Nxd5 Bxe3+
21. Qxe3 exd5 22. Qf3 Qb6+ 23. Kh2 Qxb2 24. Nb3 Qxe5 25. Kg1 Be4 26. Qf2 Qd6
27. Rd1 Rae8 28. Nc5 Qc7 29. Rg4 Qc6 30. Qd4 g6 31. Qe3 Bc2 32. Qh6 Bxd1 33.
Ne6 Rxe6 34. Rh4 Qc5+ {#R} 0-1

[Event "Idaho Closed"]
[Site "Twin Falls, ID"]
[Date "2015.02.15"]
[Round "3.7"]
[White "Inman, James"]
[Black "Longhurst, Corey Kenneth"]
[Result "1-0"]
[WhiteElo "1650"]
[BlackElo "1505"]
[EventRounds "6"]
[EventCountry "USA"]

1. d4 d5 2. c4 c6 3. Nc3 Nf6 4. e3 Bf5 5. Nf3 e6 6. h3 h6 7. Qb3 Qc7 8. Bd2 b6
9. Rc1 Bd6 10. cxd5 exd5 11. Nb5 Qd8 12. Nxd6+ Qxd6 13. Bb4 Qc7 14. Ne5 a6 15.
Be2 h5 16. Bf3 Qb7 17. O-O Rh6 18. Ba5 Nfd7 19. Nxd7 Nxd7 20. Rfe1 Kf8 21. Bd2
Be4 22. Be2 h4 23. f3 Bh7 24. e4 dxe4 25. Bxh6 gxh6 26. fxe4 a5 27. Bh5 Bg8
28. Rf1 f6 29. Qf3 Be6 30. Qf4 Ke7 31. d5 {#r} 1-0

[Event "Idaho Closed"]
[Site "Twin Falls, ID"]
[Date "2015.02.16"]
[Round "5.8"]
[White "Longhurst, Corey Kenneth"]
[Black "Simonson, Jay L"]
[Result "1-0"]
[WhiteElo "1505"]
[BlackElo "751"]
[EventRounds "6"]
[EventCountry "USA"]

1. d4 d5 2. Nf3 Bf5 3. g3 e6 4. a3 Nf6 5. Bg2 Bd6 6. O-O O-O 7. b4 h6 8. Bb2
Nc6 9. Nbd2 Qe7 10. c4 dxc4 11. Nxc4 b5 12. Nxd6 Qxd6 13. Ne5 Rad8 14. Nxc6
Rd7 15. Rc1 e5 16. Nxe5 Rdd8 17. Re1 Ne4 18. f3 Ng5 19. g4 Be6 20. Rc5 a6 21.
Qa1 f5 22. e4 fxg4 23. Rc6 Qe7 24. Ng6 Qd7 25. Nxf8 Qxc6 26. d5 Qb6+ 27. Kh1
Nxf3 28. Bxg7 Qf2 29. Rf1 Qh4 30. Bxf3 g3 31. Qb2 Qxh2+ 32. Qxh2 gxh2 33. Nxe6
Rd7 34. Be5 Rh7 35. Bh5 Rf7 36. Rxf7 {#r} 1-0

[Event "Idaho Closed"]
[Site "Twin Falls, ID"]
[Date "2015.02.16"]
[Round "6.6"]
[White "Amen, Chris"]
[Black "Longhurst, Corey Kenneth"]
[Result "1-0"]
[WhiteElo "1683"]
[BlackElo "1505"]
[EventRounds "6"]
[EventCountry "USA"]

1. e4 e5 2. Nf3 Nc6 3. Bb5 a6 4. Ba4 Nf6 5. O-O b5 6. Bb3 d6 7. d4 Be7 8. dxe5
dxe5 9. Qxd8+ Nxd8 10. Nxe5 Bb7 11. f3 Bd6 12. Nd3 c5 13. c4 Nc6 14. e5 bxc4
15. Bxc4 Na5 16. Bxf7+ Kxf7 17. exd6 c4 18. Ne5+ Ke6 19. Re1 Bd5 20. Nxc4+ Kf7
21. Re7+ Kg6 22. Nxa5 Rhe8 23. Rxe8 Rxe8 24. Kf2 Rd8 25. Bf4 Ne8 26. Nc3 {#r}
1-0

[Event "BCC #9"]
[Site "Boise, ID"]
[Date "2015.08.29"]
[Round "1.1"]
[White "Kircher, Caleb Paul"]
[Black "Longhurst, Corey Kenneth"]
[Result "1-0"]
[WhiteElo "1838"]
[BlackElo "1503"]

1. e4 e5 2. Nf3 Nc6 3. d4 exd4 4. Bc4 Nf6 5. e5 Qe7 6. O-O Ng4 7. Bf4 Na5 8.
Qxd4 Nxc4 9. Qxc4 Qb4 10. Qxb4 Bxb4 11. h3 Nh6 12. a3 Be7 13. c4 a5 14. Nc3 c6
15. g4 b6 16. Rfe1 Bb7 17. Nd4 a4 18. Ne4 Ba6 19. Rac1 Ra7 20. Rc3 Kf8 21. Bc1
Rc7 22. Nd6 Bd8 23. Bf4 Ng8 24. N4f5 h5 25. g5 g6 26. Ng3 Ne7 27. Nge4 Bc8 28.
Nf6 Ra7 29. Rd1 c5 30. Nxc8 Nxc8 31. Nxd7+ Kg7 32. e6 Re8 33. exf7 Kxf7 34.
Ne5+ Rxe5 35. Bxe5 Bxg5 36. f4 Be7 37. Rcd3 Ke6 38. Kg2 g5 39. Kf3 Rb7 40. Ke4
b5 41. f5+ Kf7 42. Rd7 Rb6 43. f6 Rxf6 44. Bxf6 Kxf6 45. Rc7 Nd6+ 46. Rxd6+
Bxd6 47. Rc6 Ke6 48. cxb5 g4 49. hxg4 hxg4 50. Rc8 Bh2 51. b6 Kd7 52. b7 c4
53. b8=Q Bxb8 54. Rxb8 Kc7 55. Rb4 {#r} 1-0

[Event "BCC #9"]
[Site "Boise, ID"]
[Date "2015.08.29"]
[Round "2.6"]
[White "Longhurst, Corey Kenneth"]
[Black "Nathan, Jacob Ari"]
[Result "0-1"]
[WhiteElo "1503"]
[BlackElo "1452"]

1. d4 Nf6 2. Nf3 e6 3. g3 c5 4. Bg2 d5 5. O-O Be7 6. Bf4 Nc6 7. c3 b5 8. dxc5
Bxc5 9. a4 Ba6 10. Qd3 Qb6 11. b4 Be7 12. Be3 bxa4 13. Bxb6 Bxd3 14. Rxa4 Bxe2
15. Re1 O-O 16. Rxe2 axb6 17. Rea2 Rxa4 18. Rxa4 b5 19. Ra6 Rc8 20. Bf1 h6 21.
Bxb5 Nxb4 22. cxb4 Rc1+ 23. Kg2 Rxb1 24. Ra8+ Bf8 25. Nd4 Rxb4 26. Nc6 Rxb5
27. Ne7+ Kh7 28. Rxf8 Rb7 29. Rxf7 Ng8 30. Nxd5 Rxf7 31. Ne3 Nf6 32. h3 Ne4
33. f3 Nc3 34. Kf2 e5 35. Nc4 e4 36. f4 Nd5 37. Ne5 Rf5 38. Ke2 g5 39. Nc6
gxf4 40. gxf4 Rxf4 41. Nd4 Rh4 42. Ne6 Rxh3 43. Nc5 Rh2+ 44. Kf1 e3 45. Nd3
Rd2 46. Ne5 Nf4 47. Ng4 Rd1# 0-1

[Event "BCC #9"]
[Site "Boise, ID"]
[Date "2015.08.29"]
[Round "3.7"]
[White "Nathan, Oliver Eli"]
[Black "Longhurst, Corey Kenneth"]
[Result "0-1"]
[WhiteElo "213"]
[BlackElo "1503"]

1. e4 c5 2. Nf3 d6 3. Bb5+ Bd7 4. Bxd7+ Nxd7 5. O-O g6 6. d3 Bg7 7. Bg5 Bxb2
8. Nc3 Bxc3 9. Rb1 h6 10. Bf4 Rb8 11. Rb3 Bg7 12. d4 cxd4 13. Nxd4 e5 14. Ne6
fxe6 15. Qxd6 exf4 16. Qxe6+ Qe7 17. Qxg6+ Qf7 18. Qd6 Ngf6 19. Qe5+ {#R} 0-1

[Event "BCC #9"]
[Site "Boise, ID"]
[Date "2015.08.29"]
[Round "4.6"]
[White "Longhurst, Corey Kenneth"]
[Black "Aderogba, Temiloluwa"]
[Result "1-0"]
[WhiteElo "1503"]
[BlackElo "1074"]

1. c4 e5 2. g3 Nf6 3. Bg2 Bc5 4. Nc3 O-O 5. e3 d6 6. Rb1 c6 7. b4 Bb6 8. Nge2
Bf5 9. Rb3 Nbd7 10. d4 exd4 11. exd4 Re8 12. O-O h6 13. Bf4 Bc7 14. b5 Ne4 15.
Re1 Rb8 16. h4 Nxc3 17. Nxc3 Rxe1+ 18. Qxe1 cxb5 19. Rxb5 Bd3 20. Qd2 Bxc4 21.
Rxb7 Rxb7 22. Bxb7 Qf6 23. Be4 Bb6 24. Be3 Kf8 25. Na4 Bc7 26. Qc2 Bb5 27.
Qxc7 Bxa4 28. Qxa7 Bb5 29. a4 Bxa4 30. Qxa4 Nb6 31. Qc6 Qd8 32. d5 Nd7 33.
Qxd6+ Ke8 34. Bf5 h5 35. Bg5 f6 36. Bg6# 1-0

[Event "FM David Lucky Simul"]
[Site "Boise, ID"]
[Date "2016.01.30"]
[Round "9"]
[White "Lucky, David"]
[Black "Longhurst, Corey Kenneth"]
[Result "1-0"]
[WhiteElo "2381"]
[BlackElo "1480"]
[EventCountry "USA"]

1. e4 e5 2. Nf3 Nc6 3. d4 exd4 4. Nxd4 Bb4+ 5. c3 Bc5 6. Be3 Be7 7. Nf5 Bf6 8.
Bc4 Nge7 9. Nxe7 Qxe7 10. Nd2 b6 11. O-O O-O 12. Bd5 Rb8 13. f4 g6 14. e5 Bg7
15. Qf3 Na5 16. Ne4 d6 17. exd6 cxd6 18. Rad1 Bb7 19. Nxd6 Bxd5 20. Rxd5 Nb7
21. Nxb7 Rxb7 22. Rfd1 Rc7 23. Bd4 Bxd4+ 24. R5xd4 Re8 25. R4d2 Qc5+ 26. Qf2
Qc4 27. a3 Rce7 28. Rd4 Qe6 29. Rd8 Rxd8 30. Rxd8+ Re8 31. Rxe8+ Qxe8 32. h3
Qe4 33. Kh2 h5 34. Qd4 Qe2 35. c4 h4 36. b4 Qe1 37. Qd3 Qf2 38. Qd8+ Kg7 39.
Qg5 Qd4 40. Qe5+ Qxe5 41. fxe5 Kf8 42. g3 hxg3+ 43. Kxg3 Ke7 44. Kf4 Ke6 45.
h4 f6 46. exf6 Kxf6 47. c5 bxc5 48. bxc5 Ke6 49. Kg5 Kd5 50. Kxg6 {#r} 1-0